SIGGRAPH video review. Issue 148, SIGGRAPH 2004. Animation theater program. Part 1
Συλλογή 20 φιλμς μικρού μήκους, τα οποία παρουσιάζουν τις τρέχουσες εξελίξεις στα κινούμενα σχέδια
Αποθηκεύτηκε σε:
| Συλλογικό Έργο: | , |
|---|---|
| Μορφή: | |
| Γλώσσα: | English |
| Δημοσίευση: |
New York, N.Y. :
ACM,
[2004]
|
| Θέματα: | |
| Ετικέτες: |
Προσθήκη ετικέτας
Δεν υπάρχουν, Καταχωρήστε ετικέτα πρώτοι!
|
MARC
| LEADER | 00000 gm a2200000 i 4500 | ||
|---|---|---|---|
| 001 | 1/44194 | ||
| 008 | 070514s2004 us g eng d | ||
| 020 | |a 1-58113-898-9 | ||
| 035 | |l 10087799 | ||
| 040 | |a GR-MY-UA |b gre |e aacr | ||
| 041 | 0 | |a eng | |
| 082 | 0 | |a 776.6 |2 (22) | |
| 110 | 2 | |a SIGGRAPH. | |
| 245 | 1 | 0 | |a SIGGRAPH video review. |n Issue 148, |p SIGGRAPH 2004. Animation theater program. |n Part 1 |h [μαγνητοσκόπηση] |
| 246 | 3 | 3 | |a Animation theater program. Part 1 |
| 246 | 3 | 3 | |a SIGGRAPH 2004. Animation theater program. Part 1 |
| 260 | |a New York, N.Y. : |b ACM, |c [2004] | ||
| 300 | |a 1 βιντεοδίσκος (π. 94 λεπτ.); |b ομίλ., έγχρ.; |c 4 3/4 ίν.+ |e 1 βιβλιαράκι | ||
| 505 | 0 | |a 1. Louis (5:15) / Olivier Barre, Nicolas Bruchet, Samuel Devynck2. Oddworld stranger CG intro (2:49) / Lorne Lanning, Raymond Swanland3. Riba (5:57) / Yves Dalbiez, Elise Garcette, Laurent Leleu4. Annie & Boo (2:00) / Johannes Wieland5. Pfffirate (3:54) / Xavier Andre, Guillaume Herent6. Rockfish (8:28) / Tim Miller7. "Muscle system and skin solver" on Hellboy (2:17) / Guillermo del Toro8. Ruby: the doublecross (1:51) / Harry Dorrington9. Japan (2:00) / Nobuo Takahashi10. The fall (2:59) / James Willingham11. Voice of whale (2:24) / Heebok Lee12. The painter (3.54) / Andy Power13. Fortune teller (2:17) / Sung Chung14. Man's first friend (2:53) / Allen Mezquida15. Offspring "Hit that" (3:00) / John Williams, David Lea16. No limits (1:00) / Heidi Wittlinger17. I'm walking (2:25) / The Soulcage Department18. My grandpa (6:00) / Petr Marek19. "Machine city" in the matrix revolutions (3:18) / Larry Wachowski, Andy Wachowski20. Inseparable bonds (3;11) / Lars Magnus Holmgren | |
| 520 | |a Συλλογή 20 φιλμς μικρού μήκους, τα οποία παρουσιάζουν τις τρέχουσες εξελίξεις στα κινούμενα σχέδια | ||
| 650 | 0 | 0 | |a Computer animation. |
| 650 | 0 | 0 | |a Computer graphics. |
| 650 | 0 | 0 | |a Animated films. |
| 650 | 0 | 0 | |a Short films. |
| 710 | 2 | |a Association for Computing Machinery. | |
| 852 | |a INST |b SYROS |c AV |e 20070514 |h 776.6 SIG |p 005500007377 |q 005500007377 |t DVD |y 23 | ||
| 901 | |a BIBL5-2007-1 | ||
| 909 | |a Ε |b 129691 | ||
| 920 | |a ΑΝΑΜΟΡΦΩΣΗ |b ΕΠΕΑΕΚ ΙΙ-ΤΜΣΠΣ |y ΣΥΡΟΣ |z 2006-06 | ||
| 970 | |a ΚΟΝΤΟΥ |b ΠΑΡΑΣΚΕΥΗ |z 2007/05/14 | ||